Diary of a Wimpy Kid books - Statistics

General Stats
  • This quiz has been taken 86 times
  • The average score is 13 of 20
Answer Stats
Release date Book % Correct
Feb 1 2008 Rodrick Rules
96%
Apr 1 2007 Diary of a Wimpy Kid
95%
Oct 12 2009 Dog Days
89%
Nov 15 2011 Cabin Fever
88%
Nov 4 2014 The Long Haul
82%
Jan 13 2009 The Last Straw
81%
Nov 13 2012 The Third Wheel
77%
Oct 21 2010 The Ugly Truth
74%
Nov 1 2013 Hard Luck
73%
Nov 3 2015 Old School
73%
Nov 1 2016 Double Down
69%
Nov 7 2017 Getaway
62%
Oct 30 2018 Meltdown
61%
Nov 1 2019 Wrecking Ball
61%
Oct 26 2021 Big Shot
57%
Oct 24 2023 No Brainer
53%
Oct 27 2020 Deep End
50%
Oct 25 2022 Diper Overlode
35%
Oct 1 2008 Do It Yourself
30%
Apr 9 2019 Diary of an Awesome Friendly Kid
11%
No matching quizzes found
Score Distribution
Percent of People with Each Score
Percentile by Number Answered
Your Score History
You have not taken this quiz